000 00446nam a2200181Ia 4500
001 14946
005 20260306164951.0
008 260306t1991||||xx |||||||||||||| ||spa||
041 _aESP
082 _a519.2
_bS75
100 _aSpiegel, Murray R.
_eAUT
245 0 _aTeoría y problemas de probabilidad y estadística
260 _c1991
300 _a372 páginas :
_c23 cm.
650 _aGEN
654 _aCMA
942 _cLIB
_dJUS
_fJUS
_2ddc
_n
999 _c14946
_d14946